Diego Rivera: gran ilustrador

Gespeichert in:
Bibliographische Detailangaben
1. Verfasser: Tibol, Raquel (VerfasserIn)
Format: Buch
Sprache:Spanisch
Englisch
Veröffentlicht: Cuernavaca RM 2008
Ausgabe:1a. ed
Schriftenreihe:Biblioteca de Ilustradores Mexicanos, 8
Schlagworte:
Tags: Tag hinzufügen
Keine Tags, Fügen Sie den ersten Tag hinzu!

MARC

LEADER 00000cam a2200000 a 4500
001 UCB0211
003 CL-VaPUC
005 20231218162138.0
008 191220e20080000mx spa d
999 |c 376373  |d 376371 
020 |a 9788493442699 
040 |c Pontificia Universidad Católica de Valparaíso 
041 0 7 |a spa  |2 CL-VaPUC 
041 0 7 |a eng  |2 CL-VaPUC 
082 0 4 |a 759.1 TIB 2008  |2 21 
100 1 |a Tibol, Raquel  |e author  |9 604823 
245 1 0 |a Diego Rivera: gran ilustrador 
250 |a 1a. ed 
260 |a Cuernavaca  |b RM  |c 2008 
300 |a 299 p 
490 0 |a Biblioteca de Ilustradores Mexicanos, 8 
583 |a last modification  |c 20191220 13:26:00  |k Rodrigo Vera 
650 0 0 |a Pintura mexicana   |9 341256 
650 0 7 |a PINTORES MEXICANOS  |2 CL-VaPUC  |9 438078 
650 0 7 |a CARTELES  |2 CL-VaPUC  |9 327830 
650 0 0 |a Propaganda   |9 322285 
942 |c BK  |2 ddc 
945 |a dcastane  |d 20191220 13:26:00 
952 |0 0  |1 0  |2 ddc  |4 0  |6 759_100000000000000_TIB_2008  |7 0  |9 494968  |a BIBART  |b BIBART  |d 2019-12-11  |e 14  |g 41220.00  |i 556767K  |o 759.1 TIB 2008  |p 556767K  |r 2023-01-11  |t 1  |v 41220.00  |w 2019-12-11  |y BK